Stranger Things Trivia #E - Statistics

General Stats
  • This quiz has been taken 45 times
  • The average score is 8 of 15
Answer Stats
Hint Answer % Correct
Has superpowers Eleven
100%
Her favorite food Eggos
97%
Leader of Hellfire Club Eddie Munson
93%
Lucas' younger sister Erica Sinclair
93%
The letter sent by Hopper to Joyce is signed with __ Enzo
67%
Lucas insists that he did nothing wrong, claiming women act on __ and not logic Emotion
57%
Enzo gives Hopper 1 to 100 odds for his __ Escape
57%
Song that plays at the Snow Ball Every Breath You Take
40%
What alledgedly caused the huge rifts all through Hawkins Earthquake
37%
Suzies sister, befriended by Argyle Eden
37%
Im missing collarbones not __ -Dustin, when Steve tells him "Max is in" Eyes
33%
__ acts as a bridge and communication medium between the real world and the Upside Down, signaling proximity of interdimensional creatures, e.g. flickering lights Electricity
23%
A gate generates its own __ __, making compasses able to locate it. Electromagnetic field
23%
Jonathan and Nancy planned to attend this college Emerson
23%
The energy that stabilises the Upside Down is called Exotic matter
20%
No matching quizzes found
Score Distribution
Percent of People with Each Score
Percentile by Number Answered
Your Score History
You have not taken this quiz